• 首页
  • 本馆介绍
  • 公告通知
  • 最新文献
  • 馆藏检索
  • 电子资源
  • 读者导购
  • 参考咨询
  • 我的图书馆
  • 登录
  • 详细信息显示
  • 放入我的书架
  • 预约/预借图书
  • 作者相关作品
  • 分类相关作品
  • 丛书相关作品
  • 出版社相关作品

书目信息

  • 表格格式
  • 工作单格式
  • 卡片格式
题名:
三维数字化定制设计技术与应用
    
 
作者: 苟秉宸 , 李晓玲 , 余隋怀 著
分册:  
出版信息: 北京   北京理工大学出版社  2006
页数: 186页
开本: 29cm
丛书名:
单 册:
中图分类: TB47
科图分类:
主题词: 工业产品--造型设计 , 造型设计 , 工业产品
电子资源:
ISBN: 7-5640-0636-6
000 01023nam0 2200277 450
001 010040030473
005 20061029084612.26
010    @a7-5640-0636-6@dCNY30.00
100    @a20060215d2006 em y0chiy0110 ea
101 0  @achi
102    @aCN@b110000
105    @aa z 000yy
200 1  @a三维数字化定制设计技术与应用@9san wei shu zi hua ding zhi she ji ji shu yu ying yong@f余隋怀,苟秉宸,李晓玲著
210    @a北京@c北京理工大学出版社@d2006
215    @a186页@c图@d29cm
300    @a国家高科技研究发展计划(863计划)资助项目
330    @a本书主要从工业设计理论方法与三维数字化设计技术的角度阐述了大规模定制设计的概念、原理、主要方法和关键技术,讨论了三维数字化定制设计系统及其开发技术,并以信息家电的定制设计为对象进行实例分析。
606 0  @a工业产品@x造型设计
606 0  @a造型设计
606 0  @a工业产品
690    @aTB47@v4
701  0 @a苟秉宸@9gou bing chen@4著
701  0 @a李晓玲@9li xiao ling@4著
701  0 @a余隋怀@9yu sui huai@4著
801  0 @aCN@bRENTIAN@c20061029
905    @a10447@dTB47@e135
    
    三维数字化定制设计技术与应用/余隋怀,苟秉宸,李晓玲著.-北京:北京理工大学出版社,2006
    186页:图;29cm
    国家高科技研究发展计划(863计划)资助项目
    
    ISBN 7-5640-0636-6:CNY30.00
    本书主要从工业设计理论方法与三维数字化设计技术的角度阐述了大规模定制设计的概念、原理、主要方法和关键技术,讨论了三维数字化定制设计系统及其开发技术,并以信息家电的定制设计为对象进行实例分析。
●
相关链接 在E读中查询图书 在五车中查询图书 在当当中查询图书 在豆瓣中查询图书


正题名:三维数字化定制设计技术与应用     索取号:TB47/135         预约/预借

序号 登录号 条形码 馆藏地/架位号 状态 备注
1 0388656   203886562   第二样本阅览室/ [索取号:TB47/135] 在馆    
2 0388657   203886571   第三借阅区/ [索取号:TB47/135] 在馆    
3 0388658   203886580   第三借阅区/ [索取号:TB47/135] 在馆    
4 0388659   203886599   密集书库/ [索取号:TB47/135] 在馆    
5 0388660   203886606   密集书库/ [索取号:TB47/135] 在馆    
唐山师范学院图书馆 欢迎您!
大连网信软件有限公司© 版权所有